[Event "Oberliga Ost-B 0405"]
[Site "Germany"]
[Date "2004.11.28"]
[Round "4.1"]
[White "Troyke, Christian"]
[Black "Feist, Peter"]
[Result "1-0"]
[WhiteElo "2334"]
[BlackElo "2240"]
[PlyCount "81"]
[EventDate "2004.10.10"]
[EventType "team-tourn"]
[EventRounds "11"]
[EventCountry "GER"]
[SourceTitle "EXT 2006"]
[Source "ChessBase"]
[SourceDate "2005.11.24"]
[SourceVersion "1"]
[SourceVersionDate "2005.11.24"]
[SourceQuality "1"]
[WhiteTeam "Erfurt SK II"]
[BlackTeam "Wiesbaden Dotzheim"]
[WhiteTeamCountry "GER"]
[BlackTeamCountry "GER"]

1. g3 e5 2. c4 Nf6 3. Bg2 d5 4. cxd5 Nxd5 5. Nc3 Nb6 6. Nf3 Nc6 7. 0-0 Be7 8. d3 Be6 9. a3 a5 10. Be3 Nd5 11. Nxd5 Bxd5 12. Qa4 0-0 13. Qb5 Re8 14. Rac1 a4 15. Nd2 Bxg2 16. Kxg2 Nd4 17. Bxd4 exd4 18. Qxb7 Bg5 19. f4 Rb8 20. Qf3 Rxb2 21. fxg5 Rxd2 22. Qxf7+ Kh8 23. Rce1 Rdxe2+ 24. Rxe2 Rxe2+ 25. Kg1 g6 26. Qc4 Re5 27. Qxa4 Rxg5 28. Qb4 Kg7 29. Rf4 Rd5 30. a4 Qd6 31. Qc4 g5 32. Re4 Kf6 33. Qc1 Rc5 34. Qb2 Rd5 35. Qb8 Kg7 36. Qe8 Rf5 37. Re7+ Kh6 38. Re6+ Rf6 39. Rxd6 Rxd6 40. a5 Ra6 41. Qb5 1-0

[Event "Oberliga Ost-B 0405"]
[Site "Germany"]
[Date "2004.11.14"]
[Round "3.2"]
[White "Feist, Peter"]
[Black "Lasinskas, Povilas"]
[Result "1-0"]
[WhiteElo "2240"]
[BlackElo "2234"]
[PlyCount "69"]
[EventDate "2004.10.10"]
[EventType "team-tourn"]
[EventRounds "11"]
[EventCountry "GER"]
[SourceTitle "EXT 2006"]
[Source "ChessBase"]
[SourceDate "2005.11.24"]
[SourceVersion "1"]
[SourceVersionDate "2005.11.24"]
[SourceQuality "1"]
[WhiteTeam "Wiesbaden Dotzheim"]
[BlackTeam "Frankfurt FTG"]
[WhiteTeamCountry "GER"]
[BlackTeamCountry "GER"]

1. e4 e5 2. Nf3 Nc6 3. Bb5 f5 4. d4 fxe4 5. Nxe5 Qf6 6. f4 Nxe5 7. dxe5 Qb6 8. Qe2 Bc5 9. Nc3 c6 10. Bc4 d5 11. exd6 Nf6 12. Nxe4 Bxd6 13. Nxd6+ Kd7 14. Nf7 Re8 15. Ne5+ Kc7 16. c3 Ng4 17. h3 Nxe5 18. fxe5 Be6 19. Be3 Qa5 20. 0-0 Rad8 21. Bxe6 Rxe6 22. Rf7+ Kb8 23. Qg4 Qd5 24. Qb4 c5 25. Qxc5 Qxc5 26. Bxc5 Rxe5 27. Bd4 Re2 28. b4 h5 29. Rxg7 Rde8 30. Rf1 Rxa2 31. Rff7 b6 32. Kh2 Ka8 33. c4 Rc8 34. c5 bxc5 35. Bxc5 1-0

[Event "Oberliga Ost-B 0304"]
[Site "Germany"]
[Date "2004.03.28"]
[Round "9.2"]
[White "Konopka, Michal"]
[Black "Feist, Peter"]
[Result "1-0"]
[WhiteElo "2451"]
[BlackElo "2196"]
[PlyCount "65"]
[EventDate "2003.11.02"]
[EventType "team-tourn"]
[EventRounds "11"]
[EventCountry "GER"]
[SourceTitle "EXT 2005"]
[Source "ChessBase"]
[SourceDate "2004.11.15"]
[SourceVersion "1"]
[SourceVersionDate "2004.11.15"]
[SourceQuality "1"]
[WhiteTeam "Schoeneck"]
[BlackTeam "Dotzheim"]
[WhiteTeamCountry "GER"]
[BlackTeamCountry "GER"]

1. c4 Nf6 2. Nf3 c5 3. Nc3 b6 4. g3 Bb7 5. Bg2 e6 6. 0-0 Be7 7. d4 cxd4 8. Qxd4 Nc6 9. Qf4 0-0 10. Rd1 a6 11. b3 Rc8 12. e4 Nb8 13. Bb2 d6 14. Ba3 Ne8 15. e5 d5 16. Bb2 Nc7 17. h4 b5 18. Nh2 Bb4 19. Ne4 bxc4 20. bxc4 Na8 21. cxd5 Bxd5 22. Nf6+ gxf6 23. exf6 Kh8 24. Ng4 Bc3 25. Bxc3 Rxc3 26. Qh6 Rg8 27. Be4 Rxg3+ 28. Kh2 Rg2+ 29. Kh3 Rg6 30. Bxg6 Qg8 31. Rxd5 Nc6 32. Kxg2 exd5 33. Rc1 1-0

[Event "Oberliga Ost-B 0304"]
[Site "Germany"]
[Date "2004.02.14"]
[Round "6.2"]
[White "Feist, Peter"]
[Black "Solonar, Stefan"]
[Result "1/2-1/2"]
[WhiteElo "2196"]
[BlackElo "2385"]
[PlyCount "62"]
[EventDate "2003.11.02"]
[EventType "team-tourn"]
[EventRounds "11"]
[EventCountry "GER"]
[SourceTitle "EXT 2005"]
[Source "ChessBase"]
[SourceDate "2004.11.15"]
[SourceVersion "1"]
[SourceVersionDate "2004.11.15"]
[SourceQuality "1"]
[WhiteTeam "Dotzheim"]
[BlackTeam "Offenbach"]
[WhiteTeamCountry "GER"]
[BlackTeamCountry "GER"]

1. e4 d6 2. d4 Nf6 3. Nc3 c6 4. f4 Qa5 5. Bd3 e5 6. Nf3 Bg4 7. dxe5 dxe5 8. h3 Bxf3 9. Qxf3 Nbd7 10. Bd2 Bc5 11. 0-0-0 0-0-0 12. Kb1 Qc7 13. Bc4 Rhf8 14. g4 Nb6 15. Bb3 Rxd2 16. Rxd2 exf4 17. Re2 Qe5 18. Nd1 g5 19. Nf2 Be3 20. Rhe1 c5 21. c3 c4 22. Bc2 Nbd7 23. Rxe3 fxe3 24. Qxe3 Kb8 25. Rd1 Re8 26. Rd4 b5 27. a4 a6 28. Qd2 Kc7 29. axb5 axb5 30. b4 Qg3 31. Nd1 Re5 1/2-1/2